[Event "FRA-chT2S 9798"]
[Site "France"]
[Date "1998.??.??"]
[Round "9"]
[White "Borgo, Giulio"]
[Black "Fauvet, Eric"]
[Result "1-0"]
[WhiteElo "2430"]
[BlackElo "2155"]
[PlyCount "77"]
[EventDate "1997.??.??"]
[EventType "team"]
[EventRounds "9"]
[EventCountry "FRA"]
[SourceTitle "EXT 2003"]
[Source "ChessBase"]
[SourceDate "2002.11.25"]
[SourceVersion "1"]
[SourceVersionDate "2002.11.25"]
[SourceQuality "1"]

1. e4 c5 2. Nf3 d6 3. Bb5+ Bd7 4. Bxd7+ Qxd7 5. c4 e5 6. Nc3 Nc6 7. d3 Nge7 8. Nh4 g6 9. f4 Bg7 10. 0-0 exf4 11. Bxf4 0-0 12. Qd2 Nd4 13. Bh6 b5 14. Bxg7 Kxg7 15. Nf3 b4 16. Ne2 Nxe2+ 17. Qxe2 Nc6 18. d4 Rae8 19. Qd3 Qg4 20. Rae1 Qh5 21. Kh1 cxd4 22. Nxd4 Ne5 23. Qd2 Nxc4 24. Qxb4 Qc5 25. Qc3 Ne5 26. Qd2 Nc4 27. Qf2 f5 28. exf5 Rxe1 29. f6+ Kf7 30. Qxe1 Ne5 31. Qh4 h5 32. Qe4 Rc8 33. b3 Rc7 34. h3 a5 35. Qf4 Rc8 36. Qe4 Rc7 37. Kh2 Rc8 38. Rf2 Rc7 39. Rc2 1-0

[Event "Chambery op 4th"]
[Site "Chambery"]
[Date "1998.??.??"]
[Round "?"]
[White "Fauvet, Eric"]
[Black "Meinsohn, Pierre"]
[Result "1-0"]
[WhiteElo "2150"]
[BlackElo "2350"]
[PlyCount "41"]
[EventDate "1998.08.01"]
[EventType "swiss"]
[EventRounds "9"]
[EventCountry "FRA"]
[SourceTitle "EXT 2001"]
[Source "ChessBase"]
[SourceDate "2000.11.22"]
[SourceVersion "1"]
[SourceVersionDate "2000.11.22"]
[SourceQuality "1"]

1. e4 e5 2. Nc3 Nf6 3. Nf3 Nc6 4. d4 Bb4 5. Bg5 h6 6. Bd2 exd4 7. Nd5 Bc5 8. Bd3 d6 9. 0-0 Be6 10. Re1 Ne5 11. b4 Bb6 12. Nxb6 Nxf3+ 13. Qxf3 axb6 14. e5 dxe5 15. Rxe5 Qd6 16. Bf4 Nd5 17. Bg3 Qd7 18. Rae1 0-0 19. Bh4 Rae8 20. Qe4 Bf5 21. Qxf5 1-0

[Event "FRA-chT2S 9798"]
[Site "France"]
[Date "1998.??.??"]
[Round "7"]
[White "Fauvet, Eric"]
[Black "Milesi, Laurent"]
[Result "1-0"]
[WhiteElo "2155"]
[BlackElo "2145"]
[PlyCount "71"]
[EventDate "1997.??.??"]
[EventType "team"]
[EventRounds "9"]
[EventCountry "FRA"]
[SourceTitle "EXT 2003"]
[Source "ChessBase"]
[SourceDate "2002.11.25"]
[SourceVersion "1"]
[SourceVersionDate "2002.11.25"]
[SourceQuality "1"]

1. e4 c5 2. Nf3 d6 3. b3 Nc6 4. Bb5 e5 5. 0-0 Be7 6. c3 Bd7 7. Bb2 Nf6 8. Re1 0-0 9. d4 a6 10. Bxc6 Bxc6 11. Nbd2 Qc7 12. Qc2 Rfe8 13. Rad1 Bf8 14. dxe5 dxe5 15. Nf1 b5 16. c4 b4 17. Rd5 Bxd5 18. exd5 Bd6 19. Ng3 g6 20. Ng5 Qd8 21. h4 Ra7 22. Qd2 a5 23. Qe3 a4 24. Qf3 axb3 25. axb3 Qe7 26. Nf5 gxf5 27. Qxf5 h6 28. Nf3 Ra2 29. Rxe5 Bxe5 30. Bxe5 Nh7 31. Qg4+ Ng5 32. hxg5 hxg5 33. Qh5 f6 34. Qg6+ Kf8 35. Nxg5 Qg7 36. Bd6+ 1-0

[Event "FRA-chT"]
[Site "France"]
[Date "1996.??.??"]
[Round "?"]
[White "Ebalard, Marc"]
[Black "Fauvet, Eric"]
[Result "1-0"]
[WhiteElo "2250"]
[BlackElo "2175"]
[PlyCount "95"]
[EventDate "1996.??.??"]
[EventType "team"]
[EventRounds "11"]
[EventCountry "FRA"]
[SourceTitle "CBM 055 Extra"]
[Source "ChessBase"]
[SourceDate "1997.01.01"]
[SourceVersion "1"]
[SourceVersionDate "1997.01.01"]
[SourceQuality "1"]

1. c4 Nf6 2. g3 Nc6 3. Bg2 e5 4. Nc3 Bc5 5. e3 0-0 6. Nge2 d6 7. 0-0 Bf5 8. d3 Qd7 9. Ne4 Nxe4 10. dxe4 Bh3 11. Nc3 Bxg2 12. Kxg2 Ne7 13. Bd2 f5 14. f4 Bb6 15. Qf3 Kh8 16. Rae1 c6 17. Bc1 Ba5 18. Rd1 Bxc3 19. bxc3 Qe6 20. exf5 Qxc4 21. e4 d5 22. fxe5 dxe4 23. Qg4 Rxf5 24. Bh6 Qxa2+ 25. Kh3 Qf7 26. Rxf5 Nxf5 27. Bf4 Qg6 28. Rd7 a5 29. Qxg6 hxg6 30. g4 Nh6 31. e6 Re8 32. Be5 Rxe6 33. Bxg7+ Kg8 34. Bxh6 e3 35. Rd1 e2 36. Re1 a4 37. Kg2 a3 38. Kf2 a2 39. Bd2 Re4 40. h3 b5 41. Ra1 Ra4 42. Kxe2 c5 43. Kd3 b4 44. cxb4 Ra3+ 45. Kc4 cxb4 46. Kxb4 Rxh3 47. g5 Rh4+ 48. Kb3 1-0

[Event "FRA-chT"]
[Site "France"]
[Date "1996.??.??"]
[Round "?"]
[White "Fauvet, Eric"]
[Black "Verdier, Patrice"]
[Result "1-0"]
[WhiteElo "2245"]
[BlackElo "2200"]
[PlyCount "56"]
[EventDate "1996.??.??"]
[EventType "team"]
[EventRounds "11"]
[EventCountry "FRA"]
[SourceTitle "CBM 055 Extra"]
[Source "ChessBase"]
[SourceDate "1997.01.01"]
[SourceVersion "1"]
[SourceVersionDate "1997.01.01"]
[SourceQuality "1"]

1. e4 c5 2. f4 Nc6 3. Nf3 g6 4. Bc4 Bg7 5. 0-0 e6 6. Nc3 d6 7. Kh1 Nge7 8. Bb3 0-0 9. d3 b6 10. Qe1 Na5 11. Nd1 Nxb3 12. axb3 Bb7 13. Qh4 Qd7 14. Ng5 h6 15. f5 hxg5 16. Bxg5 f6 17. Bd2 exf5 18. Qh3 Bc6 19. Ne3 fxe4 20. Ng4 Nf5 21. dxe4 Bxe4 22. Bh6 Bxh6 23. Nxh6+ Kg7 24. Ra4 d5 25. Nxf5+ Bxf5 26. Qg3 Be4 27. Qf4 Qf5 28. Qc1 Qg5 1-0

[Event "FRA-ch op Principal"]
[Site "Le Perreux"]
[Date "1994.??.??"]
[Round "1"]
[White "Fauvet, Eric"]
[Black "Clech, Jean Louis"]
[Result "1-0"]
[WhiteElo "1810"]
[BlackElo "1890"]
[PlyCount "55"]
[EventDate "1994.??.??"]
[EventType "swiss"]
[EventRounds "7"]
[EventCountry "FRA"]
[SourceTitle "EXT 2004"]
[Source "ChessBase"]
[SourceDate "2003.11.25"]
[SourceVersion "1"]
[SourceVersionDate "2003.11.25"]
[SourceQuality "1"]

1. e4 d5 2. exd5 Qxd5 3. Nc3 Qa5 4. d4 Nf6 5. Bd2 Bg4 6. Be2 Bxe2 7. Qxe2 Nc6 8. Nf3 0-0-0 9. Qc4 e6 10. Nb5 Qb6 11. Bf4 Nd5 12. Bd2 a6 13. a4 e5 14. dxe5 Bc5 15. 0-0 axb5 16. axb5 Na7 17. b4 Be7 18. Ra5 c6 19. bxc6 bxc6 20. Rfa1 Rd7 21. e6 fxe6 22. Ne5 Rb7 23. Be3 Qxb4 24. Qxb4 Nxb4 25. Rxa7 Nxc2 26. Rxb7 Nxe3 27. Rxe7 Nd5 28. Ra8# 1-0